000
00224nam a2200097Ia 4500
008
240331s9999 xx 000 0 und d
082
_a
303.4
_b
PRO
100
_a
Gusfield, J.R
245
0
_a
Protest, reform and revolt
942
_c
L
999
_c
1222
_d
1222